000 00928nam a22002657i 4500
003 EG-ScBUE
005 20221120033228.0
008 220731s1993 jo f 000 0 ara d
017 _a1993 / 5 / 338
040 _aEG-ScBUE
_bara
_erda
_cEG-ScBUE
_dEG-ScBUE
082 0 4 _222
_a177.2
_bش ي خ
100 1 _a‪شيخلي، عبد القادر،
_d1941-
_eمؤلف.
245 1 0 _a‪أخلاقيات الحوار /
_cعبدالقادر الشيخلي.
250 _aالطبعة الأولى.
264 1 _aعمان، الأردن :
_bدار الشروق للنشر والتوزيع،
_c1993.
300 _a97 صفحة ؛
_c16 سم
336 _2rdacontent
_aنص
_btxt
337 _2rdamedia
_aبدون وسيط
_bn
338 _2rdacarrier
_aمجلد
_bnc
541 _aBook from store.
650 7 _a‪الأخلاق الاجتماعية.
_2BUEsh
653 _bGGEN
_cNovember2022
655 _vReading book
942 _2ddc
999 _c29983
_d29954